| 000 | 00512nam a22001577a 4500 | ||
|---|---|---|---|
| 005 | 20250516090638.0 | ||
| 008 | 250516b |||||||| |||| 00| 0 eng d | ||
| 010 | _a2019901436 | ||
| 020 | _a978173219540 | ||
| 100 |
_aSookhdeo,patrick _d2019 |
||
| 245 |
_aHated without a reason: _bThe remarkable story of christian persecution over the centuries / _cPatrick Sookhdeo, |
||
| 250 | _a1st editon | ||
| 260 |
_aUSA _bIaac publishing 6729 curran street,Mclean, virgina 22101 _c2019 |
||
| 300 |
_b260p, _c23cm |
||
| 942 | _2ddc | ||
| 999 |
_c80 _d80 |
||